[Event "Al Mahmud Memorial Probashi Chess-ch 202"]
[Site "Dhaka"]
[Date "2022.02.07"]
[Round "3.8"]
[White "Nayem, Haque"]
[Black "Mohammad, Din"]
[Result "*"]
[WhiteElo "2150"]
[BlackElo "1827"]
[Annotator "TA"]
[PlyCount "9"]
[EventDate "2022.02.06"]
[EventCountry "BAN"]
[SourceTitle "playchess.com"]
[Source "ChessBase"]
[SourceQuality "1"]

{[%evp 9,9,-15]} 1. e4 d6 2. d4 e5 3. dxe5 dxe5 {[#]} 4. Qd4 $146 ({Predecessor:} 4. Qxd8+ Kxd8 5. Bc4 Ke8 6. Nf3 Nd7 7. Ng5 Nh6 8. O-O c6 9. a4 a5 10. Nd2 Bc5 11. Nb3 Bb6 12. h3 Ke7 13. Kh1 {1-0 (46) Baklan,V (2587)-Kuzubov,Y (2643) Chess.com INT 2020}) 4... Qd6 5. Qxd6 {Not much happened in this game.} *

[Event "Al Mahmud Memorial Probashi Chess-ch 202"]
[Site "Dhaka"]
[Date "2022.02.07"]
[Round "3.9"]
[White "Ankit Ray"]
[Black "Arpan, Das (Jr)"]
[Result "1-0"]
[WhiteElo "1824"]
[BlackElo "2155"]
[Annotator "TA"]
[PlyCount "144"]
[EventDate "2022.02.06"]
[EventCountry "BAN"]
[SourceTitle "playchess.com"]
[Source "ChessBase"]
[SourceQuality "1"]

{[%evp 13,144,20,37,40,52,52,61,42,38,35,31,14,67,61,85,84,79,77,78,82,81,90,168,70,79,65,82,41,41,43,47,46,44,21,38,29,40,0,0,0,0,0,0,0,0,0,7,0,0,0,61,37,36,18,12,0,0,-52,-43,-56,-64,-58,-54,-52,-39,-38,-16,-31,-32,-50,-38,-54,-32,-62,-55,-118,-105,-110,-95,-115,-97,-120,-118,-238,-233,-872,-872,-29963,-29964,-29945,-1966,-993,-229,-29969,-29970,-29972,-84,-93,-67,-29966,-29966,-29968,-29968,-29967,0,-79,0,-29966,-29967,-29956,-29943,-29971,-29972,-29971,-29972,-29973,-29974,-29978,-29979,-29979,-29980,-29980,-29980,-29982,-29981,-29983,-29982,-29982,-29983,-29983,-29984,-29984,-212]} 1. d4 Nf6 2. Nf3 g6 3. g3 Bg7 4. Bg2 O-O 5. O-O d6 6. b3 c5 {6...e5 gains popularity.} 7. Bb2 Na6 8. c4 {A49: 1 d4 Nf6 2 Nf3 g6 3 g3: Anti-King's Indian systems.} Rb8 9. Nc3 Bf5 10. Nb5 {White is slightly better.} Bd7 11. a4 {[%cal Ba2a4,Ba4b5][%mdl 32]} Ra8 $1 12. Re1 Bc6 (12... Nb4 $11) 13. d5 $14 {[#]} Bxb5 $146 ({Predecessor:} 13... Bd7 14. e4 Bg4 15. Qd2 Bxf3 16. Bxf3 Nc7 17. e5 Nfe8 18. Rad1 a6 19. exd6 exd6 {½-½ (36) Griasev,D-Bureik,M Ludweiler 1994}) 14. axb5 Nc7 15. e4 a6 16. e5 {And now b6 would win. White is more active.} dxe5 17. bxa6 (17. Rxe5 $6 Nd7 18. Re2 Bxb2 19. Rxb2 axb5 $15) 17... e4 {[#]} (17... Nxa6 $16 18. Nxe5 (18. Bxe5 Re8 $16) 18... Qd6) 18. Ng5 (18. axb7 $1 $18 Rxa1 19. Qxa1 exf3 20. Bxf3) 18... Rxa6 19. Rxa6 ({Much weaker is} 19. Nxe4 Nxe4 20. Bxg7 Nxf2 21. Bxf8 (21. Kxf2 Kxg7 22. Rxa6 Nxa6 $15) 21... Nxd1 22. Bxe7 Qd7 23. Raxd1 b6 $14) 19... Nxa6 20. Nxe4 (20. Bxe4 $16 Nb4 21. Bb1) 20... Nxe4 21. Bxg7 Kxg7 22. Bxe4 Qd6 23. Qe2 Re8 24. Bg2 {[%cal Be4g2,Bg2h3,Bh3d7][%mdl 32]} Nb4 25. f4 Qf6 26. Bh3 Kf8 27. Bd7 Ra8 28. Ba4 Ra6 29. Rd1 Rd6 30. Qe5 Nc2 $1 31. Kf2 Nd4 (31... b6 $11) 32. b4 $1 b6 33. Rb1 Kg7 34. bxc5 bxc5 35. Rb7 ({White should try} 35. Bb5 $11) 35... Ra6 $15 36. Bb5 Ra2+ 37. Kf1 Nf3 38. Qxf6+ Kxf6 {[%mdl 4096] Endgame KRB-KRN} 39. h3 {[%cal Bh2h3,Bh3h4][%mdl 32]} g5 40. fxg5+ Nxg5 41. h4 Ne4 42. g4 $1 h6 43. Rc7 Rh2 44. g5+ (44. Rc6+ $15 e6 45. g5+ Ke5 46. g6 fxg6 47. Rxe6+ Kf5 48. Bd7) 44... hxg5 $17 45. hxg5+ Kxg5 46. Rxe7 f5 47. d6 Nxd6 48. Re5 (48. Rc7 $17) 48... Ne4 $19 49. Rd5 (49. Kg1 Rd2 50. Re7) 49... Rd2 {( -> ...Kf4)} 50. Rxd2 Nxd2+ {KB-KN} 51. Ke2 Nb3 (51... Ne4 $142 52. Kf3 Nd6 53. Kg3 Nf7 54. Bd7 f4+ 55. Kf2 Kf6 56. Bc8 Nd6 57. Ba6 Kf5 58. Bb5 Ne4+ 59. Ke2 Kg4 60. Bc6 Ng5 61. Kf2 f3 62. Be8 Kf4 63. Bg6 Ne4+ 64. Ke1 Ke3 65. Bxe4 Kxe4 66. Kf2 Kd3 67. Kxf3 Kxc4 68. Ke3 Kc3 69. Kf2 c4 70. Ke3 Kb2 71. Kf4 c3 72. Ke4 c2 73. Kf5 c1=Q 74. Kg4 Kc3 75. Kf5 Kd4 76. Kf6 Qf4+ 77. Kg7 Kd5 78. Kh7 Qg5 79. Kh8 Ke6 80. Kh7 Kf6 81. Kh8 Qg7#) 52. Kf3 Nd4+ 53. Kf2 $2 (53. Kg3 $19) 53... Kf4 54. Ba6 Ke4 $2 (54... Nc6 55. Bc8 Ne5 56. Ba6 Kg5 57. Kg2 f4 58. Bb7 Nxc4 59. Kf3 Ne5+ 60. Kg2 c4 61. Kf2 Kf5 62. Bh1 Kg4 63. Bd5 f3 64. Bb7 Kf4 65. Ke1 c3 66. Kd1 Nc4 67. Ba6 Ne3+ 68. Kc1 Kg3 69. Bb7 f2 70. Ba6 Kg2 71. Bb7+ Kg1 72. Ba6 f1=Q+ 73. Bxf1 Kxf1 74. Kb1 Ke1 75. Kc1 c2 76. Kb2 Kd2 77. Ka3 c1=Q+ 78. Kb4 Nd5+ 79. Kb5 Ke2 80. Ka4 Qb2 81. Ka5 Qb6+ 82. Ka4 Qb4#) 55. Bb7+ $17 Kd3 56. Bd5 {[%mdl 8192]} (56. Ba6 $15) 56... Nb3 $1 ({Not} 56... f4 57. Bg8 $17) 57. Be6 {[#]} Ke4 $1 58. Bd5+ {[#]} Kd3 $2 (58... Kf4 $1 59. Bf7 Nd2 60. Be6 Ne4+ 61. Kg2 Nd6 62. Kf2 Ke4 63. Ke2 Ke5 64. Bd7 Nxc4 65. Be8 Nb6 66. Kd3 c4+ 67. Kc3 Kd5 68. Bf7+ Kc5 69. Be6 f4 70. Kd2 Kd4 71. Ke2 Nd5 72. Bg8 c3 73. Bh7 Nb4 74. Bb1 c2 75. Bxc2 Nxc2 76. Kf3 Ke5 77. Kg2 Ke4 78. Kh2 Nd4 79. Kh3 f3 80. Kg3 Ke3 81. Kh2 f2 82. Kg2 Ke2 83. Kh3 f1=Q+ 84. Kh2 Qf4+ 85. Kg2 Qg4+ 86. Kh2 Nf3+ 87. Kh1 Qh3#) 59. Be6 $1 Ke4 $2 {[%mdl 8192]} (59... f4 $17) 60. Bd5+ Kf4 {Black mates.} 61. Bf7 Nc1 62. Bd5 Nd3+ 63. Ke2 Ne5 64. Be6 Ke4 65. Kf2 Nd3+ 66. Kg3 f4+ 67. Kg2 f3+ 68. Kf1 Ke3 69. Bd5 Nc1 70. Bxf3 Kxf3 71. Ke1 Ke3 72. Kd1 Nd3 $2 {[%mdl 32768] Weighted Error Value: White=0.57/Black=0.45. Loss on time!?} (72... Na2 {mates} 73. Kc2 Kd4 74. Kb2 Nb4 75. Kb3 Kd3 76. Kb2 Kxc4 77. Ka3 Kd3 78. Kb3 c4+ 79. Kxb4 c3 80. Kb5 c2 81. Kc5 c1=Q+ 82. Kd5 Qg5+ 83. Kd6 Qf6+ 84. Kd5 Qe7 85. Kc6 Kc4 86. Kb6 Qd7 87. Ka6 Kc5 88. Ka5 Qb5#) 1-0

[Event "Al Mahmud Memorial Probashi Chess-ch 202"]
[Site "Dhaka"]
[Date "2022.02.07"]
[Round "3.10"]
[White "Rahman, Syed Mahfuzur"]
[Black "Gias Uddin, Ahmed"]
[Result "0-1"]
[WhiteElo "2099"]
[BlackElo "1801"]
[Annotator "RC"]
[PlyCount "162"]
[EventDate "2022.02.06"]
[EventCountry "BAN"]
[SourceTitle "playchess.com"]
[Source "ChessBase"]
[SourceQuality "1"]
[TimeControl "5400+30"]

1. d4 {[%emt 0:00:11]} d6 {[%emt 0:00:29]} 2. e4 {[%emt 0:00:53]} Nf6 {[%emt 1:31:01]} 3. Nc3 {[%emt 0:00:16]} g6 {[%emt 0:00:00]} 4. f4 {[%emt 0:00:10]} Bg7 {[%emt 0:00:00]} 5. Nf3 {[%emt 0:00:04]} c6 {[%emt 0:00:00]} 6. Bd3 {[%emt 0:07:31]} e6 {[%emt 0:00:00]} 7. O-O {[%emt 0:06:39]} d5 {[%emt 0:00:00]} 8. e5 {[%emt 0:01:31]} Nfd7 {[%emt 0:00:00]} 9. Ne2 {[%emt 0:00:29]} c5 {[%emt 0:00:00]} 10. c3 {[%emt 0:04:10]} b6 {[%emt 0:00:00]} 11. Be3 {[%emt 0:10:24]} Bb7 {[%emt 0:00:00]} 12. Ng5 {[%emt 0:01:14]} Qe7 {[%emt 0:00:00]} 13. Re1 {[%emt 0:05:42]} h6 {[%emt 0:00:00]} 14. Nf3 {[%emt 0:00:51]} Nc6 {[%emt 0:00:00]} 15. Bf2 {[%emt 0:04:44]} Qd8 {[%emt 0:00:00]} 16. Rc1 {[%emt 0:11:26]} c4 {[%emt 0:00:00]} 17. Bc2 {[%emt 0:01:24]} Bf8 {[%emt 0:00:00]} 18. b3 {[%emt 0:01:36]} Na5 {[%emt 0:00:00]} 19. Ng3 {[%emt 0:02:00]} Be7 {[%emt 0:00:00]} 20. h4 {[%emt 0:02:51]} Qc7 {[%emt 0:00:00]} 21. h5 {[%emt 0:06:38]} Nf8 {[%emt 0:00:00]} 22. Nd2 {[%emt 0:05:17]} b5 {[%emt 0:00:00]} 23. bxc4 {[%emt 0:02:03]} bxc4 {[%emt 0:00:00]} 24. Qg4 {[%emt 0:03:04]} O-O-O {[%emt 0:00:00]} 25. hxg6 {[%emt 0:01:35]} fxg6 {[%emt 0:00:00]} 26. Bxg6 {[%emt 0:02:13]} Rg8 {[%emt 0:00:00]} 27. f5 {[%emt 0:00:01]} Bg5 {[%emt 0:00:00]} 28. Be3 {[%emt 0:00:42]} Nxg6 {[%emt 0:00:00]} 29. fxg6 {[%emt 0:00:21]} Rxg6 {[%emt 0:00:00]} 30. Bxg5 {[%emt 0:00:08]} hxg5 {[%emt 0:00:00]} 31. Nh5 {[%emt 0:00:31]} Rh8 {[%emt 0:00:00]} 32. Nf6 {[%emt 0:02:28]} Qe7 {[%emt 0:00:00]} 33. Nf3 {[%emt 0:00:36]} Kb8 {[%emt 0:00:00]} 34. Kf2 {[%emt 0:01:39]} Bc8 {[%emt 0:00:00]} 35. Rh1 {[%emt 0:02:44]} Rgh6 {[%emt 0:00:00]} 36. Rb1+ {[%emt 0:05:42]} Nb7 {[%emt 0:00:00]} 37. Rxh6 {[%emt 0:00:53]} Rxh6 {[%emt 0:00:00]} 38. Ng8 {[%emt 0:00:08]} Qh7 {[%emt 0:00:00]} 39. Rxb7+ {[%emt 0:00:52]} Kxb7 {[%emt 0:00:00]} 40. Nxh6 {[%emt 0:00:18]} Qxh6 {[%emt 0:00:00]} 41. Qxg5 {[%emt 0:00:14]} Qh7 {[%emt 0:00:00]} 42. Qc1 {[%emt 0:00:52]} Bd7 {[%emt 0:00:00]} 43. Qb2+ {[%emt 0:01:18]} Kc8 {[%emt 0:00:00]} 44. Qd2 {[%emt 0:04:59]} Be8 {[%emt 0:00:00]} 45. Kg3 {[%emt 0:00:22]} Bh5 {[%emt 0:00:00]} 46. Qg5 {[%emt 0:01:55]} Kd7 {[%emt 0:00:00]} 47. Qf6 {[%emt 0:01:42]} Qg8+ {[%emt 0:00:00]} 48. Ng5 {[%emt 0:00:21]} Bg6 {[%emt 0:00:00]} 49. Kf4 {[%emt 0:00:03]} Be8 {[%emt 0:00:00]} 50. g4 {[%emt 0:00:18]} Bg6 {[%emt 0:00:00]} 51. Nf3 {[%emt 0:00:37]} Bd3 {[%emt 0:00:00]} 52. Ng5 {[%emt 0:00:58]} Bg6 {[%emt 0:00:00]} 53. Kg3 {[%emt 0:00:32]} Be8 {[%emt 0:00:00]} 54. Kf3 {[%emt 0:00:41]} Bg6 {[%emt 0:00:00]} 55. Ke3 {[%emt 0:00:19]} Be8 {[%emt 0:00:00]} 56. Kd2 {[%emt 0:00:23]} Bg6 {[%emt 0:00:00]} 57. Kc1 {[%emt 0:00:26]} Be8 {[%emt 0:00:00]} 58. Kb2 {[%emt 0:00:26]} a6 {[%emt 0:00:00]} 59. Ka3 {[%emt 0:00:45]} a5 {[%emt 0:00:00]} 60. Ka4 {[%emt 0:00:42]} Kc7+ {[%emt 0:00:00]} 61. Ka3 {[%emt 0:00:31]} Kd7 {[%emt 0:00:00]} 62. Ka4 {[%emt 0:00:23]} Kc7+ {[%emt 0:00:00]} 63. Kxa5 {[%emt 0:00:35]} Bd7 {[%emt 0:00:00]} 64. Kb4 {[%emt 0:00:10]} Qb8+ {[%emt 0:00:00]} 65. Ka3 {[%emt 0:00:03]} Qa7+ {[%emt 0:00:00]} 66. Kb2 {[%emt 0:00:01]} Qb6+ {[%emt 0:00:00]} 67. Ka1 {[%emt 0:00:27]} Qa5 {[%emt 0:00:00]} 68. Qf3 {[%emt 0:00:10]} Qa3 {[%emt 0:00:00]} 69. Qe3 {[%emt 0:00:22]} Qf8 {[%emt 0:00:00]} 70. Qf3 {[%emt 0:01:07]} Qa3 {[%emt 0:00:00]} 71. Kb1 {[%emt 0:01:35]} Kb6 {[%emt 0:00:00]} 72. Nh3 {[%emt 0:00:35]} Ba4 {[%emt 0:00:03]} 73. Nf2 {[%emt 0:00:24]} Be8 {[%emt 0:01:23]} 74. Qe3 {[%emt 0:00:21]} Bg6+ {[%emt 0:00:18]} 75. Ka1 {[%emt 0:00:01]} Qf8 {[%emt 0:02:02]} 76. Qd2 {[%emt 0:00:47]} Qf3 {[%emt 0:00:28]} 77. Kb2 {[%emt 0:00:42]} Ka5 {[%emt 0:01:13]} 78. g5 {[%emt 0:00:38]} Qg2 {[%emt 0:01:00]} 79. Qf4 {[%emt 0:00:40]} Qf1 {[%emt 0:00:32]} 80. Ka3 {[%emt 0:00:23]} Qe1 {[%emt 0:00:46]} 81. Qf3 {[%emt 0:00:39]} Qc1# {[%emt 0:31:45]} 0-1

[Event "Al Mahmud Memorial Probashi Chess-ch 202"]
[Site "Dhaka"]
[Date "2022.02.08"]
[Round "4.1"]
[White "Arpan, Das (Jr)"]
[Black "Mollah Abdullah, Al Rakib"]
[Result "1/2-1/2"]
[WhiteElo "2155"]
[BlackElo "2426"]
[Annotator "TA"]
[PlyCount "33"]
[EventDate "2022.02.06"]
[EventCountry "BAN"]
[SourceTitle "playchess.com"]
[Source "ChessBase"]
[SourceQuality "1"]

{[%evp 9,33,32,43,39,38,30,11,-25,0,0,0,0,0,0,0,0,0,0,0,0,52,0,62,7,40,52]} 1. e4 e5 2. Nf3 Nc6 3. Bb5 {[%cal Bf1b5,Bb5a4,Ba4b3][%mdl 32]} a6 4. Ba4 b5 5. Bb3 g6 6. d4 {C70: Ruy Lopez: 3...a6 4 Ba4, Norwegian and Delayed Schliemann.} exd4 7. Bg5 Be7 8. Bf4 {[%mdl 1024] [#] White has compensation. The position is equal.} Nf6 $146 ({Predecessor:} 8... Bb7 9. O-O Bf6 10. Qd2 Bg7 11. Ng5 Nh6 12. f3 f6 13. c3 Na5 14. cxd4 Nxb3 15. axb3 {1-0 (35) Starosta,M (1809)-Kaniak,M (1830) Sypniewo 2021}) 9. e5 Nh5 10. Bh6 {Threatens to win with g4.} Bf8 11. Bg5 Be7 12. Bh6 {aiming for g4.} Bf8 13. Bg5 Be7 14. Bh6 {g4 is the strong threat.} d5 ({Black should try} 14... Bf8 $11 15. Bxf8 Kxf8) 15. h3 (15. O-O $14) 15... f6 (15... Bf8 $11 16. Qd2 Bb7) 16. g4 ({White should play} 16. exf6 $1 $14 Bxf6 17. O-O (17. Qe2+ Kf7 $15)) 16... fxe5 {[#] Hoping for ...Nf6.} 17. gxh5 {Weighted Error Value: White=0.16 (very precise) /Black=0.21 (precise)} 1/2-1/2

[Event "Al Mahmud Memorial Probashi Chess-ch 202"]
[Site "Dhaka"]
[Date "2022.02.08"]
[Round "4.2"]
[White "Rahman, Ziaur"]
[Black "Sakline Mostafa, Sajid"]
[Result "1-0"]
[WhiteElo "2417"]
[BlackElo "2089"]
[Annotator "TA"]
[PlyCount "81"]
[EventDate "2022.02.06"]
[EventCountry "BAN"]
[SourceTitle "playchess.com"]
[Source "ChessBase"]
[SourceQuality "1"]

{[%evp 19,81,53,77,55,70,62,105,62,68,58,64,55,79,83,131,118,125,122,175,175,186,189,215,151,150,150,197,190,194,191,203,193,227,151,295,293,300,293,293,290,285,293,373,374,360,368,375,294,439,426,391,387,501,491,680,685,592,491,773,760,725,725,29993,29994]} 1. Nf3 g6 2. d4 Nf6 3. c4 Bg7 4. g3 O-O 5. Bg2 d6 6. Nc3 Nbd7 7. O-O c6 8. e4 e5 9. h3 Qc7 10. Be3 a5 11. Re1 {E69: King's Indian: Fianchetto: 6...Nbd7 7 0-0 e5 8 e4 c6 9 h3.} b6 12. Rc1 Ba6 {[#]} (12... Bb7 $14) 13. b3 {[#]} (13. Nb5 $1 $16 {[%cal Rb5c7][%mdl 512]} Bxb5 14. cxb5) 13... Rfe8 $146 ({Predecessor:} 13... Rab8 14. Qc2 Qb7 15. Bf1 Rfc8 16. Qb1 Ne8 17. a3 Nc7 18. b4 axb4 19. axb4 b5 20. dxe5 Nxe5 21. Nxe5 Bxe5 {½-½ (69) Jorgensen,J (2150)-Nespor,I (1707) Prague 2020}) 14. Qc2 Rad8 15. Qb1 h6 16. d5 {[%cal Oc3b5]} c5 ({Better is} 16... Bb7) 17. Rcd1 Nf8 18. Qc1 {White is more active.} g5 (18... h5 $16 {was called for.} 19. Qc2 N8d7) 19. h4 $18 g4 20. Nh2 {[%cal Bf3h2,Bh2f1,Bf1e3][%mdl 32]} ({Worse is} 20. Bxh6 gxf3 21. Bxg7 Kxg7 $15) 20... Kh7 21. Nf1 Ng6 22. Bd2 Qd7 (22... Ne7 $16 {is a better defense.} 23. Ne3 Rf8) 23. Ne3 Ne7 24. Rf1 Nh5 25. Kh2 {And now f3 would win.} Bc8 26. f3 Nf6 (26... f5 $16) 27. fxg4 Nxg4+ 28. Nxg4 Qxg4 29. Rxf7 {Black must now prevent Bxh6.} Ng8 30. Rdf1 Rf8 31. Rxf8 Rxf8 32. Rxf8 Bxf8 33. Qf1 {To avoid Nf6} Qg7 (33... Be7 {keeps fighting.} 34. Na4 (34. Qf7+ Kh8 $18) 34... Bd8 35. Qf7+ Qg7) 34. Bh3 Bxh3 35. Kxh3 ({Weaker is} 35. Qxh3 Nf6 36. Qf5+ Qg6 $18) 35... Nf6 36. Qf5+ Qg6 37. g4 {[%cal Bg3g4,Bg4g5,Bg5h6][%mdl 32]} Be7 38. g5 Ng8 (38... hxg5 $142 39. Bxg5 Kg7) 39. Nb5 Kg7 40. Nc7 Qh5 41. gxh6+ {Weighted Error Value: White=0.17 (very precise) /Black=0.64} 1-0

[Event "Al Mahmud Memorial Probashi Chess-ch 202"]
[Site "Dhaka"]
[Date "2022.02.08"]
[Round "4.3"]
[White "Abu Sufian, Shakil"]
[Black "Ahmed, Mahtabuddin"]
[Result "1-0"]
[WhiteElo "2232"]
[BlackElo "2055"]
[Annotator "TA"]
[PlyCount "71"]
[EventDate "2022.02.06"]
[EventCountry "BAN"]
[SourceTitle "playchess.com"]
[Source "ChessBase"]
[SourceQuality "1"]

{[%evp 16,71,55,50,60,59,63,59,58,59,52,51,54,52,56,54,81,73,79,72,78,70,152,129,98,39,38,45,29,23,16,17,22,6,22,0,24,27,33,32,54,48,58,65,53,69,54,16,8,15,26,0,310,302,603,596,582,595]} 1. e4 e5 2. Nf3 Nc6 3. Bc4 Bc5 4. c3 Qe7 5. d4 Bb6 6. O-O d6 7. h3 Nf6 8. Re1 h6 9. a4 {[%cal Ba2a4,Ba4a5][%mdl 32] [#] d5 is the strong threat.} a6 {C53: Giuoco Piano sidelines.} 10. b4 O-O 11. d5 {And now a5 would win.} Nb8 {[#] White is slightly better.} 12. a5 $146 ({Predecessor:} 12. Nbd2 Nh7 13. Nf1 f5 14. Be3 f4 15. Bxb6 cxb6 16. N1h2 Qf6 17. Bf1 Qg6 18. Kh1 {0-1 (37) Berndt,J (2081)-Von Herman,B (2085) Playchess.com INT 2020}) 12... Ba7 13. Be3 Bxe3 14. Rxe3 Nh5 15. Bf1 g6 16. Nbd2 Ng7 {[%cal Bh5g7,Bg7e8,Be8f6][%mdl 32]} 17. c4 {[%cal Oc4c5]} Nd7 {Prevents c5.} 18. Rc1 {[%cal Oc4c5]} c5 (18... f5 $14) 19. dxc6 {White is more active.} bxc6 {[#]} 20. Nb3 ({Better is} 20. c5 $1 $16 {[%cal Rc5d6]}) 20... c5 $14 21. Rd3 Ne8 22. bxc5 dxc5 23. Qd2 Kg7 24. Nh2 Nef6 25. f3 Nh5 26. Rd1 {Strongly threatening Ng4.} Rb8 27. Nc1 Ndf6 28. Ne2 {Inhibits Nf4.} Qc7 29. Ng4 Nxg4 30. hxg4 Nf6 31. g5 hxg5 32. Qxg5 {Threatening Rd6.} Nh7 33. Qg3 Be6 $2 {[%mdl 8192]} (33... Re8 $11 {and Black stays safe.}) 34. Rd6 $18 Qxa5 $2 (34... Rfe8 35. Qxe5+ Kg8) 35. Qxe5+ Kg8 36. Nf4 {Weighted Error Value: White=0.08 (flawless) /Black=0.39} 1-0

[Event "Al Mahmud Memorial Probashi Chess-ch 202"]
[Site "Dhaka"]
[Date "2022.02.08"]
[Round "4.4"]
[White "Ikramul, Haq Siam"]
[Black "Md., Sharif Hossain"]
[Result "1-0"]
[WhiteElo "2075"]
[BlackElo "2211"]
[Annotator "TA"]
[PlyCount "61"]
[EventDate "2022.02.06"]
[EventCountry "BAN"]
[SourceTitle "playchess.com"]
[Source "ChessBase"]
[SourceQuality "1"]

{[%evp 18,61,27,6,23,24,113,101,179,106,113,108,107,116,198,159,207,195,169,127,383,357,577,614,587,597,595,592,559,523,770,761,951,968,992,991,1444,1466,3173,2928,29983,29984,29983,961,29988,897]} 1. d4 d5 2. Nf3 Nf6 3. c4 e6 4. e3 c6 5. b3 Nbd7 6. Bd3 Bd6 7. Bb2 O-O 8. O-O b6 9. Nc3 Bb7 10. Qc2 Rc8 {D45: Semi-Slav: 5 e3.} 11. e4 e5 (11... Nxe4 $11 12. Bxe4 (12. Nxe4 dxe4 13. Bxe4 Nf6 $11) 12... dxe4 13. Nxe4 Be7) 12. exd5 $16 exd4 {[#]} (12... cxd5 $16 {was called for.} 13. Nb5 Bb8 14. dxe5 (14. Nxe5 a6 $16) 14... Ne4) 13. Ne4 $146 (13. Nxd4 cxd5 14. Nf5 dxc4 15. Nxd6 cxd3 16. Qxd3 Nc5 $11) (13. dxc6 $1 $18 Rxc6 (13... Bxc6 14. Nxd4) 14. Ne4 (14. Nxd4 Rc5 $16)) ({Predecessor:} 13. dxc6 Bxc6 14. Nxd4 Ng4 15. Bxh7+ Kh8 16. h3 Bxg2 17. Ncb5 Qh4 18. Kxg2 Qg5 19. Kh1 {1-0 (29) Fedoseev,V (2661)-Sidhant,M (2382) Pune 2014}) 13... Nxe4 14. dxc6 Bxc6 {Threatens to win with ...Ng5.} 15. Bxe4 Qf6 (15... Nc5 $16 16. Bxc6 (16. Bxh7+ Kh8 $17) 16... Rxc6) 16. Bxh7+ $18 Kh8 17. Be4 ({Much less strong is} 17. Bxd4 Bxh2+ 18. Nxh2 Qxd4) 17... Ne5 18. Bxc6 (18. Nxd4 $18 Ng4 19. h3 (19. Bxc6 Bxh2+ 20. Kh1 Be5 $16)) 18... Rxc6 $4 {[%mdl 8192] This costs Black the game.} (18... Nxc6 $16 {was necessary.} 19. Rae1 Rce8) 19. Nxd4 Ng4 $2 (19... Rc5 20. Rae1 Qh6) 20. h3 ({Not} 20. Nxc6 Bxh2+ 21. Kh1 Qh6 $19) 20... Bh2+ 21. Kh1 Be5 22. Nxc6 Bxb2 23. Rab1 Ba3 24. hxg4 Bd6 25. Qd3 Bf4 26. Qf3 Qg5 27. g3 Bc7 28. Kg2 {[#] White threatens Rh1+ and mate.} g6 29. Rh1+ Kg7 30. Qe3 (30. Qc3+ $142 f6 31. Qd4 Rf7 32. Nd8 Qe5 33. Qd2 g5 34. Nxf7 Qe4+ 35. f3) 30... Qxg4 31. Qd4+ {Weighted Error Value: White=0.13 (very precise) /Black=0.88} (31. Rbe1 $142 Bd6 32. Qh6+ Kf6 33. Qd2 Bc7 34. Qb2+ Kg5 35. Qg7 b5 36. Qxf8) 1-0

[Event "Al Mahmud Memorial Probashi Chess-ch 202"]
[Site "Dhaka"]
[Date "2022.02.08"]
[Round "4.5"]
[White "Masum, Hossain"]
[Black "Subrota, Biswas"]
[Result "0-1"]
[WhiteElo "2003"]
[BlackElo "2202"]
[Annotator "TA"]
[PlyCount "61"]
[EventDate "2022.02.06"]
[EventCountry "BAN"]
[SourceTitle "playchess.com"]
[Source "ChessBase"]
[SourceQuality "1"]

{[%evp 9,61,-34,-47,-53,-12,-25,-23,-51,-8,-17,0,-82,-77,-116,-81,-148,-125,-435,-200,-197,-202,-186,-196,-177,-174,-172,-59,-58,-64,-55,-56,-322,-324,-324,-330,-310,-327,-300,-284,-462,-441,-1297,-1273,-1537,-1226,-1216,-1156,-29994,-29995,-29995,-29996,-29996,-29997,-29999]} 1. c4 Nf6 2. Nc3 e6 3. g3 d5 4. Bg2 d4 5. Ne4 Nxe4 6. Bxe4 {A17: English Opening: 1...Nf6 with ...Bb4.} c5 {[#]} (6... e5 $15) 7. f4 $146 ({Predecessor:} 7. d3 Bd6 8. Bg2 Nc6 9. Nf3 O-O 10. O-O e5 11. a3 a5 12. b3 h6 13. Ne1 {0-1 (39) Broly,M (2177)-Guichard,P (2405) Chartres 2019}) 7... Bd6 8. Nf3 {Black has an edge.} Nd7 (8... O-O $15 {is more appropriate.}) 9. e3 $11 O-O 10. exd4 (10. O-O $1 $11 {remains equal.}) 10... cxd4 $17 {[%cal Od4d3]} 11. Nxd4 Nc5 {[%cal Bd7c5,Bc5e6,Be6d4,Bd4e2][%mdl 32]} 12. Bc2 (12. d3 $142) 12... e5 $1 {[%cal Be6e5,Be5f4][%mdl 32]} 13. Ne2 {[%mdl 8192]} (13. Qh5 $2 g6 14. Qd1 exd4 $19) (13. Nb5 $17 {is tougher.} exf4 14. d4 Re8+ 15. Kf2) 13... Bg4 (13... exf4 $142 14. d4 Bg4 15. dxc5 Re8 $1 16. cxd6 Rxe2+ 17. Qxe2 Bxe2 18. Kxe2 Qxd6) 14. h3 $19 Bxe2 15. Qxe2 exf4 16. O-O Ne6 $36 {[%mdl 2048] aiming for ...Qb6+. Keeping White busy.} (16... Qg5 17. d4 Rfe8 18. Qg2 Qxg3 19. Bxf4 (19. dxc5 $2 Bxc5+ 20. Be3 Rxe3 $19) (19. Qxg3 fxg3 20. b4 Ne6 $15) 19... Bxf4 20. Qxg3 Bxg3 21. dxc5 $15) 17. d4 Qg5 ({Better is} 17... Nxd4 $19 18. Bxh7+ Kxh7 19. Qe4+ Kg8 20. Qxd4 Qe7) 18. Qd3 $15 {[%csl Gc2][%cal Rd3h7]} g6 {[%cal Oe6d4] White must now prevent ...Nxd4!} 19. d5 Nd4 20. Bxf4 $2 {[%mdl 8192]} ({Don't blunder} 20. g4 $2 Qe5 21. Qe4 (21. Bxf4 $2 Ne2+ 22. Kh1 Nxf4 $19) 21... Ne2+ 22. Kf2 Qg5 $1 23. Qxe2 (23. Kxe2 $2 Rae8 $19) 23... Qh4+ 24. Kg1 (24. Kg2 $2 Qg3+ 25. Kh1 Qxh3+ 26. Kg1 Bc5+ 27. Rf2 Rae8 $19) 24... Bc5+ 25. Be3 Bxe3+ 26. Kh2 Qg3+ 27. Kh1 Qxh3+ 28. Qh2 Qxg4 $19) (20. Bd1 $1 $15) 20... Bxf4 $19 21. Rxf4 {[#]} Ne2+ {[%mdl 576] Deflection} 22. Qxe2 Qxg3+ 23. Kh1 Qxf4 24. Rf1 $2 {[#]} (24. Ba4) 24... Rae8 $1 {[%mdl 512]} 25. Qd3 (25. Ba4 $142 Rxe2 26. Rxf4) (25. Rxf4 Rxe2) 25... Qh6 {And now ...Re3 would win.} 26. Rf3 {Inhibits Re3.} Re1+ 27. Kg2 Rfe8 28. d6 R8e2+ {Black mates.} 29. Rf2 Qg5+ 30. Qg3 {[#]} Rg1+ $1 {[%mdl 512]} 31. Kf3 {Weighted Error Value: White=0.83/Black=0.20 (precise)} (31. Kxg1 Qxg3+) 0-1